Interpreting the New Testament text : (Record no. 20211)

MARC details
000 -LEADER
fixed length control field 02835cam a22003014a 4500
001 - CONTROL NUMBER
control field 14465763
003 - CONTROL NUMBER IDENTIFIER
control field OSt
005 - DATE AND TIME OF LATEST TRANSACTION
control field 20230808130107.0
008 - FIXED-LENGTH DATA ELEMENTS--GENERAL INFORMATION
fixed length control field 060725s2006 ilu b 001 0 eng
010 ## - LIBRARY OF CONGRESS CONTROL NUMBER
LC control number 2006024375
020 ## - INTERNATIONAL STANDARD BOOK NUMBER
International Standard Book Number 9781581344080 (hc : alk. paper)
020 ## - INTERNATIONAL STANDARD BOOK NUMBER
International Standard Book Number 1581344082 (hc: alk. paper)
040 ## - CATALOGING SOURCE
Original cataloging agency DLC
Transcribing agency DLC
Modifying agency DLC
050 00 - LIBRARY OF CONGRESS CALL NUMBER
Classification number BS2331
Item number .I58 2006
245 00 - TITLE STATEMENT
Title Interpreting the New Testament text :
Remainder of title introduction to the art and science of exegesis /
Statement of responsibility, etc. edited by Darrell L. Bock & Buist M. Fanning
260 ## - PUBLICATION, DISTRIBUTION, ETC. (IMPRINT)
Place of publication, distribution, etc. Wheaton, Ill. :
Name of publisher, distributor, etc. Crossway Books,
Date of publication, distribution, etc. 2006.
300 ## - PHYSICAL DESCRIPTION
Extent 480 p. ;
504 ## - BIBLIOGRAPHY, ETC. NOTE
Bibliography, etc Includes bibliographical references and index.
505 0# - FORMATTED CONTENTS NOTE
Formatted contents note Opening questions : definition and philosophy of exegesis -- Laying a foundation : NT textual criticism -- Grammatical analysis : making connections -- Diagramming, clausal layout, and outlining : tracing the argument -- Lexical analysis : studies in words -- Validation : exegetical problem solving -- Background studies : grounding the text in reality -- Narrative genre : studying the story -- Epistolary genre : reading ancient letters -- Apocalyptic genre : visions and symbols -- Scripture citing scripture : use of the Old Testament in the new -- Theological analysis : building biblical theology -- Showing the relevance : application, ethics, and preaching -- Mark 1:1-13: introducing the Gospel of Mark / Howard Marshall -- Mark 1:1-15 : the paradox of authority and servanthood / Marry F. Santos -- Mark 7:27 : Jesus puzzling statement / Joel F. Williams -- Acts 8:26-40 : why the Ethiopian Eunuch was not from Ethiopia / Edwin M. Yamauchi -- Romans 15:9b-12 : Gentiles as the culminative focus of salvation history / Don N. Howell -- Galatians 3:10-13 : crucifixion curse and resurrection freedom / David Catchpole -- Ephesians 2:19-22 : the temple motiff / Scott S. Cunningham -- Ephesians 5:26 : the baptismal metaphor and Jewish ritual baths / Helge Stadelmann -- Philippians 2:6-7 : the image of God and the cross of Christ / Timothy B. Savage -- Colossians 1:12-20 : Christus creator, Christus salvator / E. Earle Ellis -- James 1:19-27 : anger in the congregation / Donald J. Verseput -- I Peter 2:2a : nourishment for growth in faith and love / W. Edward Glenny -- 3 John : tracing the flow of thought / Herbert W. Bateman III.
630 00 - SUBJECT ADDED ENTRY--UNIFORM TITLE
Uniform title Bible.
Name of part/section of a work New Testament
General subdivision Hermeneutics.
630 00 - SUBJECT ADDED ENTRY--UNIFORM TITLE
Uniform title Bible.
Name of part/section of a work New Testament
General subdivision Criticism, interpretation, etc.
700 1# - ADDED ENTRY--PERSONAL NAME
Personal name Bock, Darrell L.
700 1# - ADDED ENTRY--PERSONAL NAME
Personal name Fanning, Buist M.
856 41 - ELECTRONIC LOCATION AND ACCESS
Materials specified Table of contents only
Uniform Resource Identifier <a href="http://www.loc.gov/catdir/toc/ecip0618/2006024375.html">http://www.loc.gov/catdir/toc/ecip0618/2006024375.html</a>
906 ## - LOCAL DATA ELEMENT F, LDF (RLIN)
a 7
b cbc
c orignew
d 1
e ecip
f 20
g y-gencatlg
942 ## - ADDED ENTRY ELEMENTS (KOHA)
Source of classification or shelving scheme Library of Congress Classification
Koha item type General Collection
Holdings
Withdrawn status Lost status Source of classification or shelving scheme Not for loan Home library Current library Date acquired Cost, normal purchase price Total Checkouts Full call number Barcode Date last seen Price effective from Koha item type
    Library of Congress Classification   Kabarak, Main Campus Kabarak, Main Campus 08/08/2023 3050.00   BS2331 .I58 2006 c.1 032455 02/08/2024 08/08/2023 General Collection
Designed with assistance from East African Informatics Ltd